[Event "ch-Hessen_M"]
[Site "Marburg"]
[Date "2017.05.28"]
[Round "9"]
[White "Zude, Arno"]
[Black "Nothnagel, Marian Can"]
[Result "1/2-1/2"]
[WhiteElo "2394"]
[BlackElo "2112"]
[PlyCount "100"]
[EventDate "2017.05.24"]
[EventType "swiss"]
[EventCountry "GER"]

1. e4 e5 2. Nf3 Nc6 3. Bc4 Bc5 4. c3 Nf6 5. d3 d6 6. O-O O-O 7. Bb3 Bb6 8. Nbd2
Ne7 9. Nc4 Ng6 10. Re1 Re8 11. Bc2 c6 12. Nxb6 axb6 13. h3 h6 14. d4 b5 15.
dxe5 dxe5 16. Qxd8 Rxd8 17. Be3 Be6 18. Bb6 Rd7 19. a3 Nh5 20. Rad1 Rxd1 21.
Rxd1 Nhf4 22. Kh2 f6 23. Nd2 Nf8 24. Nb3 Nd7 25. Be3 Kf7 26. h4 Ke7 27. Nc5 Rb8
28. g3 Ng6 29. Nxd7 Bxd7 30. Bc5+ Ke8 31. Bb3 Bg4 32. Rd3 Be2 33. Re3 Bc4 34.
Bxc4 bxc4 35. Bb6 Nf8 36. Re2 Nd7 37. Be3 h5 38. Rd2 Rd8 39. Kg2 Nf8 40. Rxd8+
Kxd8 41. f4 exf4 42. gxf4 Ng6 43. Kg3 Kd7 44. Bd4 Kd6 45. f5 Ne5 46. Bxe5+ fxe5
47. Kf3 Kc5 48. Ke3 Kb5 49. Kd2 Ka4 50. Kc2 c5 1/2-1/2

[Event "ch-Hessen_M"]
[Site "Marburg"]
[Date "2017.05.28"]
[Round "9"]
[White "Zude, Erik"]
[Black "Alber, Horst"]
[Result "1/2-1/2"]
[WhiteElo "2407"]
[BlackElo "2297"]
[PlyCount "94"]
[EventDate "2017.05.24"]
[EventType "swiss"]
[EventCountry "GER"]

1. c4 Nf6 2. g3 g6 3. Bg2 Bg7 4. Nc3 O-O 5. Nf3 d5 6. cxd5 Nxd5 7. O-O c5 8.
Nxd5 Qxd5 9. d3 Nc6 10. Be3 Qd6 11. Rc1 Nd4 12. Bxd4 cxd4 13. Nd2 Be6 14. Qa4
b5 15. Qa5 Rac8 16. Bb7 Rb8 17. Bf3 Bh6 18. Rc6 Qd8 19. Nb3 Bxb3 20. Qxd8 Rfxd8
21. axb3 Rdc8 22. Ra6 Rc7 23. Rfa1 e6 24. Rxa7 Rxa7 25. Rxa7 b4 26. Rd7 Bg7 27.
Bb7 h5 28. f4 Bf6 29. Kf2 Kf8 30. Kg2 Ke8 31. Rc7 Bd8 32. Bc6+ Kf8 33. Rd7 Bf6
34. Kf3 Rc8 35. Bb5 Rc2 36. Rb7 Rxb2 37. Rb8+ Kg7 38. Rb7 Kf8 39. Bc4 Be7 40.
Rb8+ Kg7 41. Re8 Bf6 42. Rb8 Be7 43. Rb7 Kf8 44. Rd7 Bf6 45. Rb7 Be7 46. Rb8+
Kg7 47. Re8 Bf6 1/2-1/2